000 00631nam a2200241Ia 4500
003 OSt
005 20220924153706.0
006 a|||||r|||| 00| 0
007 ta
008 220923b |||||||| |||| 00| 0 tam d
024 _a351345
037 _cTextual
040 _aARTS
_cARTS
_btam
041 _2tam
_atam
082 _aO31,1C68xN18, L4
100 _aPillai Rajamanikkam Au.
_9229547
245 0 _aPazha mozln nannuru
260 _c1974
650 _a TAMIL POETRY
650 _aTAMIL LITERATURE
942 _hO31,1C68xN18, L4
_cTEXL
_2CC
999 _c474541
_d474541